LEADER 00900nam a2200217 i 4500 001 000000137251 003 CaOOAMICUS 005 20050411000000.0 008 050411s1975 it u000 u ita u 013 $a111024 040 $aSeMil$bita 100 1 $aPasteris, Angelo.$0(OLS)http://semarc/name/55732 245 10$aSangue sulla neve :$bIl Servo di Dio don Secondo Pollo /$cAngelo Pasteris. 260 $a[Genova] :$bMarietti,$ccopyr. 1975. 300 $a255 p., [8] p. di tav. ;$c25 cm. 600 14$aPollo, Secondo .$0(OLS)http://semarc/subject/25931 850 $aSeMil 852 $aSeMil$W1$xVenegono$y1$m3G VI 173$j90805$B90805$CSeMilBibl$Z2$F96046 $81 961 $aRecupero: Seminario di Seveso 996 $6245$aSangue sulla neve :$bIl Servo di Dio don Secondo Pollo$9(OLS)http://semarc/title/200532 996 $6260$a[Genova] :$bMarietti$9(OLS)http://semarc/publisher/30011 LEADER 00954nam a2200241 i 4500 001 000000177577 003 CaOOAMICUS 005 20120329000000.0 008 120329s1966 it u000 u ita u 013 $a155120 040 $aSeMil$bita 100 1 $aBarsotti, Divo,$c.$0(OLS)http://semarc/name/15111 245 10$aMeditazioni sull'Apocalisse /$cDivo Barsotti. 260 $aBrescia :$bQueriniana,$c1966. 300 $a403 p. ;$c20 cm. 490 0 $aBibbia e liturgia ;$v4 650 4$aBibbia - NT - Apocalisse - Meditazioni.$0(OLS)http://semarc/subject/15889 830 0$aBibbia e liturgia ;$v4.$0(OLS)http://semarc/title/425747 850 $aSeMil 852 $aSeMil$W1$xVenegono$y1$m3F II 583$j128382$B128382$CSeMilBibl$Z2$F175805 $81 961 $aRecupero: Altro 996 $6245$aMeditazioni sull'Apocalisse$9(OLS)http://semarc/title/255054 996 $6260$aBrescia :$bQueriniana$9(OLS)http://semarc/publisher/29615